Word Chain Labyrinth Quiz Stats

Quiz Updated Jun 8, 2012

Also try: Word Loops
Challenge
Share
Tweet
Embed
Score 0/192 Timer 08:00
7 Plays Today
% Correct
in close proximity
99.9%
FINISH
99.8%
dry
95.4%
NEAR
95.4%
curved structure
95.4%
military force
95.4%
0--O--0--O--0--O--0
92.1%
0--O--0--O--0--O--0
92.1%
mimicking bird
88.9%
ARMY
88.9%
0--O--0--O--0--O--0
88.5%
0--O--0--O--0--O--0
88.5%
ARCH
84.7%
facial feature
84.7%
0--O--0--O--0--O--0
82.2%
0--O--0--O--0--O--0
82.2%
0--O--0--O--0--O--0
82.1%
0--O--0--O--0--O--0
82.1%
CHIN
81.1%
to the interior of
81.1%
inactive
78.1%
ARID
78%
0--O--0--O--0--O--0
71.3%
0--O--0--O--0--O--0
71.3%
0--O--0--O--0--O--0
68.4%
0--O--0--O--0--O--0
68.4%
0--O--0--O--0--O--0
66.8%
0--O--0--O--0--O--0
66.8%
0--O--0--O--0--O--0
66.4%
0--O--0--O--0--O--0
66.4%
INTO
66.4%
Roman garb
66.4%
0--O--0--O--0--O--0
65.6%
0--O--0--O--0--O--0
65.6%
stare
65.5%
TOGA
65.5%
donated
65.5%
0--O--0--O--0--O--0
65.4%
0--O--0--O--0--O--0
65.4%
GAVE
64.9%
change course
64.9%
popular Danish toy
64.5%
IDLE
64.5%
thus
63.2%
VEER
63.2%
GAZE
59.7%
0--O--0--O--0--O--0
58.5%
0--O--0--O--0--O--0
58.5%
0--O--0--O--0--O--0
57.7%
0--O--0--O--0--O--0
57.7%
ERGO
57.2%
farm animal
57.2%
at the pinnacle
57.1%
GOAT
57.1%
basic unit of matter
57.1%
ATOM
56.2%
leave out
56.2%
article
56.1%
OMIT
56%
0--O--0--O--0--O--0
55.5%
0--O--0--O--0--O--0
55.5%
0--O--0--O--0--O--0
53.4%
0--O--0--O--0--O--0
53.4%
aim
53.3%
% Correct
LEGO
53.3%
0--O--0--O--0--O--0
52.1%
0--O--0--O--0--O--0
52.1%
large avians
52.1%
ITEM
52.1%
MYNA
51.8%
moniker
51.8%
0--O--0--O--0--O--0
50.8%
0--O--0--O--0--O--0
50.8%
GOAL
50.7%
additionally
50.7%
spirit
50.4%
ALSO
50.4%
0--O--0--O--0--O--0
49.8%
0--O--0--O--0--O--0
49.8%
0--O--0--O--0--O--0
49.3%
0--O--0--O--0--O--0
49.3%
breakfast, eg
49.3%
NAME
49.3%
EMUS
49.1%
secondhand
49.1%
0--O--0--O--0--O--0
49%
0--O--0--O--0--O--0
49%
refine
48.9%
border
48.9%
USED
48.9%
MEAL
48.8%
medicinal plant
48.8%
0--O--0--O--0--O--0
48.7%
0--O--0--O--0--O--0
48.7%
SOUL
48.6%
forearm bone
48.6%
0--O--0--O--0--O--0
48.1%
0--O--0--O--0--O--0
48.1%
0--O--0--O--0--O--0
47.7%
0--O--0--O--0--O--0
47.7%
0--O--0--O--0--O--0
47.7%
0--O--0--O--0--O--0
47.7%
cardinal direction
47.4%
back of the neck
47.4%
AREA
47.4%
ULNA
47.4%
ALOE
47.2%
equipment
47%
EDGE
47%
hereditary unit
47%
EAST
46.6%
stride
46.6%
0--O--0--O--0--O--0
46.6%
0--O--0--O--0--O--0
46.6%
benefit
46.4%
NAPE
46.4%
annoyance
46.4%
roost
46.4%
GENE
46.4%
an amphibian
46.4%
0--O--0--O--0--O--0
46.2%
0--O--0--O--0--O--0
46.2%
length x width
45.9%
GEAR
45.9%
monumental
45%
STEP
45%
0--O--0--O--0--O--0
45%
0--O--0--O--0--O--0
45%
% Correct
freezes
44.4%
EPIC
44.3%
representation
44.3%
stupefy
43.3%
PEST
43.3%
impale
43.3%
ATOP
43.2%
mix
42.9%
NEST
42.9%
NEWT
42.5%
ICES
42.5%
STIR
42.4%
borders Pakistan
42.4%
0--O--0--O--0--O--0
42.3%
0--O--0--O--0--O--0
42.3%
certain insects
42.3%
IRAN
42.2%
post a bet
42.2%
help in wrongdoing
42.1%
STAB
42.1%
0--O--0--O--0--O--0
41.4%
0--O--0--O--0--O--0
41.4%
ANTS
39.8%
0--O--0--O--0--O--0
39.5%
0--O--0--O--0--O--0
39.5%
ANTE
39%
prefix meaning trillion
39.1%
ICON
39%
to a position upon
39%
0--O--0--O--0--O--0
38.6%
0--O--0--O--0--O--0
38.6%
STUN
38.5%
EDIT
38.4%
carve
38.1%
ABET
38.1%
an amphibian
38.1%
ONTO
38.1%
village
38.1%
TOAD
37.4%
ETCH
37.2%
culinary artist
37.2%
CHEF
37.2%
TOWN
37.1%
PERK
35.7%
0--O--0--O--0--O--0
35.7%
0--O--0--O--0--O--0
35.7%
filing tool
35.3%
incursion
35.3%
TERA
35.3%
IDEA
32.4%
0--O--0--O--0--O--0
31.3%
0--O--0--O--0--O--0
31.3%
concept
31%
RAID
31%
cleave
25.2%
RASP
25.2%
saliva
25.2%
SPIT
25.2%
skin irritation
25.2%
ITCH
25.1%
precious gem
24%
CHOP
24%
WELL DONE
23.7%
OPAL
23.5%

You're not logged in!

Compare scores with friends on all Sporcle quizzes.
Sign Up with Email
OR
Log In

You Might Also Like...

Show Comments

Extras

Top Quizzes Today


Score Distribution

Your Account Isn't Verified!

In order to create a playlist on Sporcle, you need to verify the email address you used during registration. Go to your Sporcle Settings to finish the process.

Report this User

Report this user for behavior that violates our Community Guidelines.

Details: